000 00620cam a22002173a 4500
001 37190
003 PGUSA
005 20140828083821.0
008 110824s2011||||xxu|||||s|||||000 | eng d
040 _aPGUSA
_beng
042 _adc
100 1 _aNicholson, Meredith,
_d1866-1947
245 1 4 _aThe Main Chance
_h[electronic resource] /
_cMeredith Nicholson
260 _bProject Gutenberg,
_c2011
506 _aPublic domain in the USA.
516 _aElectronic text
700 1 _aFisher, Harrison,
_d1875-1934
830 0 _aProject Gutenberg
_v37190
856 4 0 _uhttp://www.gutenberg.org/ebooks/37190
942 _cEB
999 _c266444
_d266444